LOTR: Trinkets of Middle-Earth: the Arkenstone - Statistics

General Stats
  • This quiz has been taken 109 times
  • The average score is 7 of 10
Answer Stats
Answer % Correct
Thorin I
100%
Thorin Oakenshield
100%
Bilbo Baggins
93%
Thrór
90%
Thráin I
85%
Smaug
80%
Dáin I
76%
Glóin
44%
Óin
44%
Náin II
32%
No matching quizzes found
Score Distribution
Percent of People with Each Score
Percentile by Number Answered
Your Score History
You have not taken this quiz